000 01190nam a2200241Ia 4500
999 _c56053
_d56053
001 23153
003 GE_BSU
005 20230716125212.0
008 181216s1989||||ge |||||||||||||| ||geo||
040 _cGE_BSU
041 _ageo
080 _a821.133.1-32 + 821.133.1-31 ჰ-71
100 _aჰიუგო, ვიქტორ
_911739
245 _aმოთხრობები ; ოთხმოცდაცამეტი წელი /
_cვიქტორ ჰიუგო ; სარედ. კოლ. : მინდია არაბული და სხვ. ; მხატვ. სამეული ; რედ. ნ. ლორთქიფანიძე.
264 _aთბილისი :
_bნაკადული,
_c1989.
300 _a640 გვ. ;
_c20 სმ.
490 _aმსოფლიო ლიტერატურის ბიბლიოთეკა ბავშვებისათვის
541 _h6ლ. 40თ.
653 _aმოთხრობები
653 _a ოთხმოცდაცამეტი წელი
700 _aლორთქიფანიძე, ნ.
_eრედაქტორი
_92974
942 _cBK
_2udc